000 00245nam a2200097Ia 4500
005 20250424112835.0
008 250424s9999 xx 000 0 und d
300 _axii, 185 p. : ill. ; 30 cm.
650 _aHand--Surgery-- Periodicals.
942 _cSR
999 _c37442
_d37442